000 00302nam a22001097a 4500
008 230606b xxu||||| |||| 00| 0 eng d
082 _a636.08
_bPAS
245 _aPastrolism
_bResearch Policy Practice
_cPractical Action
260 _aUSA
_bPractical Action Publishing
_c2010
300 _a339
942 _2ddc
_cBK
999 _c748
_d748